000 00210 a2200097 4500
020 _a9789966974733
245 _aMukamba na syithio syake
250 _aRevised
260 _bSengani Publishers
_c2010
942 _cBK
999 _c49870
_d49870